<?xml version="1.0" encoding="UTF-8"?>
<record
    xmlns:xsi="http://www.w3.org/2001/XMLSchema-instance"
    xsi:schemaLocation="http://www.loc.gov/MARC21/slim http://www.loc.gov/standards/marcxml/schema/MARC21slim.xsd"
    xmlns="http://www.loc.gov/MARC21/slim">

  <leader>00983nam a22001937a 4500</leader>
  <controlfield tag="005">20241218122711.0</controlfield>
  <datafield tag="010" ind1=" " ind2=" ">
    <subfield code="a">DEC24UP HIN-128964</subfield>
  </datafield>
  <datafield tag="020" ind1=" " ind2=" ">
    <subfield code="a">9789363197930</subfield>
    <subfield code="c">340.00</subfield>
  </datafield>
  <datafield tag="035" ind1=" " ind2=" ">
    <subfield code="a">HN-101310</subfield>
  </datafield>
  <datafield tag="037" ind1=" " ind2=" ">
    <subfield code="b">DBAD </subfield>
  </datafield>
  <datafield tag="082" ind1=" " ind2=" ">
    <subfield code="a">000</subfield>
  </datafield>
  <datafield tag="100" ind1=" " ind2=" ">
    <subfield code="a">&#x932;&#x93E;&#x932; </subfield>
    <subfield code="9">75346</subfield>
  </datafield>
  <datafield tag="245" ind1=" " ind2=" ">
    <subfield code="a">&#x909;&#x92A;&#x915;&#x93E;&#x930; &#x90F;&#x938;. &#x90F;&#x938;. &#x938;&#x940;. &#x915;&#x947;&#x902;&#x926;&#x94D;&#x930;&#x940;&#x92F; &#x938;&#x936;&#x938;&#x94D;&#x924;&#x94D;&#x930; &#x92A;&#x941;&#x932;&#x93F;&#x938; &#x92C;&#x932; &#x915;&#x93E;&#x902;&#x938;&#x94D;&#x91F;&#x947;&#x92C;&#x932; &#x92D;&#x930;&#x94D;&#x924;&#x940; &#x92A;&#x930;&#x940;&#x915;&#x94D;&#x937;&#x93E;:</subfield>
    <subfield code="b">&#x938;&#x93E;&#x92E;&#x93E;&#x928;&#x94D;&#x92F; &#x921;&#x94D;&#x92F;&#x942;&#x91F;&#x940;/</subfield>
    <subfield code="c">&#x932;&#x93E;&#x932; &#x90F;&#x935;&#x902; &#x91C;&#x948;&#x928;</subfield>
  </datafield>
  <datafield tag="260" ind1=" " ind2=" ">
    <subfield code="a">&#x906;&#x917;&#x930;&#x93E;</subfield>
    <subfield code="b">&#x909;&#x92A;&#x915;&#x93E;&#x930; &#x92A;&#x94D;&#x930;&#x915;&#x93E;&#x936;&#x928; </subfield>
    <subfield code="c">2025</subfield>
  </datafield>
  <datafield tag="270" ind1=" " ind2=" ">
    <subfield code="a">2/11 &#x90F;, &#x938;&#x94D;&#x935;&#x926;&#x947;&#x936;&#x940; &#x92C;&#x940;&#x92E;&#x93E; &#x928;&#x917;&#x930;(&#x936;&#x93E;&#x939; &#x938;&#x93F;&#x928;&#x947;&#x92E;&#x93E; &#x915;&#x947; &#x938;&#x93E;&#x92E;&#x928;&#x947;)</subfield>
    <subfield code="b">&#x906;&#x917;&#x930;&#x93E;</subfield>
    <subfield code="e">282002</subfield>
    <subfield code="k">2530966</subfield>
    <subfield code="k">2531101</subfield>
    <subfield code="m">care@upkar.in</subfield>
  </datafield>
  <datafield tag="300" ind1=" " ind2=" ">
    <subfield code="a">374&#x935;&#x93F;. &#x92A;&#x943;.</subfield>
    <subfield code="c">26&#x938;&#x947;&#x92E;&#x940; (&#x905;&#x91C;&#x93F;&#x932;&#x94D;&#x926;)</subfield>
  </datafield>
  <datafield tag="700" ind1=" " ind2=" ">
    <subfield code="a">&#x92A;&#x941;&#x930;&#x94B;&#x939;&#x93F;&#x924;, &#x936;&#x902;&#x915;&#x930;&#x932;&#x93E;&#x932;</subfield>
    <subfield code="9">75266</subfield>
  </datafield>
  <datafield tag="942" ind1=" " ind2=" ">
    <subfield code="c">HN</subfield>
    <subfield code="2">ddc</subfield>
    <subfield code="h">000</subfield>
    <subfield code="m">&#x932;&#x93E;&#x932;</subfield>
  </datafield>
  <datafield tag="999" ind1=" " ind2=" ">
    <subfield code="c">207785</subfield>
    <subfield code="d">207785</subfield>
  </datafield>
  <datafield tag="952" ind1=" " ind2=" ">
    <subfield code="0">0</subfield>
    <subfield code="1">0</subfield>
    <subfield code="4">0</subfield>
    <subfield code="7">0</subfield>
    <subfield code="8">NFIC</subfield>
    <subfield code="a">L</subfield>
    <subfield code="b">L</subfield>
    <subfield code="d">2024-12-18</subfield>
    <subfield code="e">DBAD</subfield>
    <subfield code="g">340.00</subfield>
    <subfield code="l">2</subfield>
    <subfield code="m">2</subfield>
    <subfield code="o">000 &#x932;&#x93E;&#x932;</subfield>
    <subfield code="p">HN-101310</subfield>
    <subfield code="r">2026-01-14 00:00:00</subfield>
    <subfield code="s">2026-01-08</subfield>
    <subfield code="t">1</subfield>
    <subfield code="v">340.00</subfield>
    <subfield code="w">2024-12-18</subfield>
    <subfield code="y">HN</subfield>
  </datafield>
</record>
